000 00231nam a22000977a 4500
003 SGT
245 _aINTERNATIONAL JOURNAL OF WIRELESS COMMUNICATIONS & NETWORK ING (JAN-DECEMBER)
260 _c2014
300 _a216
942 _2ddc
_cBK
999 _c20374
_d20374